WILEY BLACKWELL companion to sociology (Record no. 1225024)

MARC details
000 -LEADER
fixed length control field 00657nam a2200229Ia 4500
005 - DATE AND TIME OF LATEST TRANSACTION
control field 20241129104235.0
008 - FIXED-LENGTH DATA ELEMENTS--GENERAL INFORMATION
fixed length control field 241129s9999||||xx |||||||||||||| ||und||
020 ## - INTERNATIONAL STANDARD BOOK NUMBER
International Standard Book Number 9781119429319
037 ## - SOURCE OF ACQUISITION
Stock number Textual
040 ## - CATALOGING SOURCE
Original cataloging agency RTL
Language of cataloging eng
Transcribing agency RTL
041 ## - LANGUAGE CODE
Language code of text/sound track or separate title eng
Source of code eng
084 ## - COLON CLASSIFICATION NUMBER
Classification number Y R0
Assigning agency RTL
100 ## - MAIN ENTRY--PERSONAL NAME
Personal name Ritzer George; Murphy Wendy Wiedenhoft
9 (RLIN) 725391
245 #0 - TITLE STATEMENT
Title WILEY BLACKWELL companion to sociology
Statement of responsibility, etc. Ritzer George; Murphy Wendy Wiedenhoft
250 ## - EDITION STATEMENT
Edition statement 2nd
260 ## - PUBLICATION, DISTRIBUTION, ETC.
Place of publication, distribution, etc. United Kingdom
Name of publisher, distributor, etc. Wiley Blackwell
Date of publication, distribution, etc. 2020
300 ## - PHYSICAL DESCRIPTION
Extent xv,503p.
365 ## - TRADE PRICE
Price type code INR
Price amount 17633.31
650 ## - SUBJECT ADDED ENTRY--TOPICAL TERM
Topical term or geographic name entry element Sociology
942 ## - ADDED ENTRY ELEMENTS (KOHA)
Koha item type Textbook
Classification part Y R0
Holdings
Withdrawn status Lost status Damaged status Not for loan Home library Current library Date acquired Source of acquisition Cost, normal purchase price Inventory number Total Checkouts Full call number Barcode Date last seen Price effective from Koha item type
        Ratan Tata Library Ratan Tata Library 2024-11-29 classic book service 17633.31 252 & 06/01/2024   Y R0 RT1502960 2024-11-29 2024-11-29 Textbook
Copyright @ Delhi University Library System